| 000 | 00809nam a2200241 a 4500 | ||
|---|---|---|---|
| 001 | 42397 | ||
| 003 | BD-RjUL | ||
| 005 | 20211209053533.0 | ||
| 008 | 160611s1964 enkab 000 0 eng d | ||
| 035 | _a(BD-RjUL)42515 | ||
| 035 | _a2410870 | ||
| 040 |
_aNUN _beng _cNUN _dBD-RjU |
||
| 041 | _aeng | ||
| 082 | 0 | 4 |
_a320.966 _221 _bMOP 1964 |
| 100 | 1 |
_aMorgenthau, Ruth Schachter _9130408 |
|
| 245 | 1 | 0 |
_aPolitical parties in French-speaking West Africa / _cRuth Schachter Morgenthau, |
| 260 |
_aOxford : _bClarendon Press, _c1964. |
||
| 300 |
_axxii, 445 p. : _bill., maps ; _c23 cm. |
||
| 650 |
_aPolitics and government. _zAfrica, French-speaking West _9130410 |
||
| 651 | 0 |
_aPolitical parties _zAfrica, French-speaking West. _9130411 |
|
| 942 |
_2ddc _cBK |
||
| 999 |
_c42397 _d42397 |
||